Statystyki dla Przykład męskiego krewnego.

Kliknij tutaj aby rozwiązać quiz!

Ogólne statystyki

  • Ten quiz został rozwiązany 31 razy
  • Średni wynik to 5 z 5

Statystyki odpowiedzi

Odpowiedź% Poprawnych
Dziadek
100%
Wujek
100%
Brat
96%
Ojciec
93%
Kuzyn
85%

Rozkład punktacji

Percentyl według liczby udzielonych odpowiedzi

Procent ludzi z każdym wynikiem

Twoja historia wyników

Nie rozwiązałeś tego quizu